000 00994nmm a2200301 a 4500
001 ocm000940715
003 TR-IsHL
005 20201028145718.0
008 150110s2011 tu kur
007 cr cn
020 _a9786054156610
035 _a940715
_b(N$T)
050 0 4 _aPK6561.B44
_bM37 2011
090 0 4 _aPK6561.B44
_bM37 2011
100 1 _aBehrengi, Samed
245 1 0 _aMasiye reş e pıçuk
_h[electronic resource] /
_cSamed Behrengi ; werger İsmail Dindar
260 _aİstanbul :
_bEvrensel Basım Yayın,
_c2011
300 _a45 p.
650 4 _aDil ve Edebiyat
650 4 _aLanguage and Literature
650 0 _aÇocuk öyküleri, İran
650 0 _aChildren's stories, Persian
650 0 _aİran
_x Çocuk romanı
650 0 _aIran
_x Juvenile fiction
650 7 _aLITERARY COLLECTIONS / Middle Eastern
_2bisacsh
700 1 _aDindar, İsmail
856 4 0 _uhttp://search.ebscohost.com/login.aspx?direct=true&scope=site&db=e011xww&AN=940715
999 _c10093
_d10093